000 00611nam a22002177a 4500
003 UA-OsUOA
001 57043
007 ta
008 20081126b un ||||| |||| 00| 0 ukr d
100 _aЧумаченко В.
090 _a94(477)
_bЧ-12
942 _cSA
040 _aUA-OsUOA
_bukr
_cUA-OsUOA
_dUA-OsUOA
245 _aСумний ювілей. До 70-х роковин етнічної читски Кубані 1932-1933 рр.
300 _aС.5
955 _a0
041 _aukr
080 _a94(477)
773 0 _w57042
650 7 _a9 Географія. Біографії. Історія
_2UDC
999 _c343121
_d343121